| 000 | 00418nam a2200169Ia 4500 | ||
|---|---|---|---|
| 003 | GCL | ||
| 008 | 140319s9999 xx 000 0 eng d | ||
| 040 |
_aGCL / _cGCL |
||
| 082 | 0 | 4 |
_a822.33 _bS H |
| 100 | 1 | _aSHAKESPEARE, WILLIAM | |
| 245 | 1 | 0 |
_aHAMLET / _cSHAKESPEARE, WILLIAM |
| 260 |
_a[S.N] : _bROUTLEDGE ، _c1982 |
||
| 300 | _a574 P | ||
| 650 | 0 | 4 | _aTHEATER |
| 650 | 0 | 4 | _aSHAKESPEARE, WILLIAM |
| 942 |
_2ddc _cBK |
||
| 999 |
_c17697 _d17697 |
||